| 000 | 01019nam a2200313 i 4500 | ||
|---|---|---|---|
| 001 | 000026764 | ||
| 003 | DO-SdBNP | ||
| 005 | 20250903114606.0 | ||
| 007 | ta | ||
| 008 | 110325s1972 dr c r 000 0 spa d | ||
| 040 |
_aDO-SdBNP _bspa _cBNPHU _erda |
||
| 041 | _asp | ||
| 082 |
_axxxx _bP438 _222 |
||
| 100 | 1 |
_aPérez, Juan B. _eautor _936219 |
|
| 245 | 1 | 0 |
_aGeografía y sociedad / _cJuan B. Pérez. |
| 264 |
_aSanto Domingo : _bEditora del Caribe, _c1972. |
||
| 300 |
_a697 p.áginas: _bretrato ; _c22 cm. |
||
| 336 |
_ardacontent _btexto _2txt |
||
| 337 |
_ardamedia _bsin mediación _2n |
||
| 338 |
_ardacarrier _bvolumen _2nc |
||
| 490 | 1 |
_aSociedad Dominicana de Geografía; _v3 |
|
| 500 | _aIncluye índice de personas, lugares y materias. | ||
| 500 | _aLiminar de E. Rodríguez Demorizi | ||
| 504 | _aIncluye referencias bibliográficas y notas al pie de las páginas | ||
| 590 | _aInventariado, 2025/DG | ||
| 830 | 0 |
_aSociedad Dominicana de Geografía; _n3 _953870 |
|
| 910 | _aDG | ||
| 942 |
_2ddc _cLBS1 |
||
| 999 |
_c26256 _d26256 |
||